MARC

LEADER 00000nam0a2200000 4500
001 312830
005 20231102002526.0
035 |a (RuTPU)RU\TPU\book\338200 
090 |a 312830 
100 |a 20151229d1968 k y0rusy50 ca 
101 0 |a rus 
102 |a RU 
105 |a a z 001zy 
200 1 |a Анализ и синтез линейных радиотехнических цепей в переходном режиме  |f М. М. Айзинов 
205 |a 2-е изд., испр. и доп. 
210 |a Ленинград  |c Энергия  |d 1968 
215 |a 376 с.  |c ил. 
320 |a Библиогр.: с. 373-374. 
606 1 |a Электрические цепи, линейные  |x Анализ  |2 stltpush  |3 (RuTPU)RU\TPU\subj\27765  |9 51464 
606 1 |a Электрические цепи, линейные  |x Синтез  |2 stltpush  |3 (RuTPU)RU\TPU\subj\27767  |9 51466 
610 1 |a радиотехнические цепи 
610 1 |a переходный режим 
610 1 |a элементы 
610 1 |a источники 
610 1 |a время нарастания 
610 1 |a время запаздывания 
610 1 |a примеры 
610 1 |a расчеты 
610 1 |a частотные характеристики 
610 1 |a функции Чебышева 
610 1 |a таблицы 
675 |a 621.3.011.71  |v 4 
675 |a 621.3.011.73  |v 4 
700 1 |a Айзинов  |b М. М.  |g Марк Моисеевич 
801 1 |a RU  |b 63413507  |c 20151229 
801 2 |a RU  |b 63413507  |c 20160129  |g RCR 
942 |c BK